000 01104nam0a2200301 4500
001 RU\NLR\bibl\1267015
005 20260406011428.0
010 _a978-5-89812-919-1
_93000
021 _aRU
_b2008-51694
_92862
035 _a(NLR Aleph) 001252925
090 _a330530
_c330530
100 _a20080829d2007 |||y0rusy50 ca
101 0 _arus
_ascc
102 _aRU
105 _ay e |||||
200 1 _aРусско-сербохорватский разговорник
_fсост.: Е.А. Панова
210 _aСанкт-Петербург
_cКАРО
_d2007
215 _a160 с.
_d12
606 1 _aРусский язык
_xРазговорники
_xСербскохорватский язык
_91557935
_3RU\NLR\auth\66981629
686 _aШ141.12-498.1
686 _aШ141.64-498.2
702 1 _4220
_8rus
_7ca
_aПанова
_bЕ. А.
_cканд. филол. наук
_gЕкатерина Александровна
_3RU\NLR\auth\77116927
_999852
801 0 _aRU
_bNLR
_c20080829
_gRCR
801 1 _aRU
_bNLR
_c20080829
830 _aСост. по ЭК
942 _cBOOK
980 _aNB